00468nam a2200145Ia 4500008004100000041000800041082001600049245004500065250000600110260003900116300000900155650000900164999001900173952013000192210716s2012 xx 000 0 und d aeng a374.22 MANO aManorama: yearbook 2012.bYearbook 2012. a1 aNew DelhibMalayala Monoramac2012 a1038 aNone c207267d207267 00102ddc40738MBAaAIMITbAIMITd2021-07-16g170.00l0o374.22 MANOpMBA09833r2025-07-21 00:00:00v170.00w2021-07-16yBK